Knowsley Housing Trust v White (Record no. 109133)

MARC details
000 -LEADER
fixed length control field 02513cad a22002895a 4500
001 - CONTROL NUMBER
control field L146352
008 - FIXED-LENGTH DATA ELEMENTS--GENERAL INFORMATION
fixed length control field 090112e20081210xxk f v 000 0 eng d
035 ## - SYSTEM CONTROL NUMBER
System control number (Sirsi) u146352
041 0# - LANGUAGE CODE
Language code of text/sound track or separate title eng
245 00 - TITLE STATEMENT
Title Knowsley Housing Trust v White
Remainder of title Honeygan-Green v London Borough of Islington and Porter and Shepherds Bush Housing Association
Medium [electronic resource]
260 ## - PUBLICATION, DISTRIBUTION, ETC.
Date of publication, distribution, etc. 2008
520 ## - SUMMARY, ETC.
Summary, etc. [2008] UKHL 70, 10 December 2008. Where it was found that an assured tenancy that was subject to a suspended possession order did not end until possession was given up. When making a suspended possession order, the court could direct that an order could be discharged once its terms had been complied with (even if they had not been strictly complied with). A tenanted made subject to such an order who had served notice to the right to buy under the 1985 Act would have the right to buy revived if the order was later discharged. In joined appeals against three prior decisions, it fell to the court to determine how suspended possession status effected secure and assured tenants. Held: Assured tenancies subject to such an order did not come to an end until possession was surrendered. If the decision in the first appeal stood, it would potentially create thousands of tolerated trespassers, which would create further problems (as the status of tolerated trespassers is a grey area of law). The court could order a possession order discharged even if the terms had not been strictly complied with (where all arrears and costs had been paid) and it also found that the right to buy would be revived after said orders were discharged. The appeals of White and Porter were granted, while that of Islington LBC was dismissed.
521 ## - TARGET AUDIENCE NOTE
Target audience note Advanced
590 ## - LOCAL NOTE (RLIN)
Local note KA
650 24 - SUBJECT ADDED ENTRY--TOPICAL TERM
Topical term or geographic name entry element KNOWSLEY HOUSING TRUST V WHITE: HONEYGAN-GREEN V LONDON BOROUGH OF ISLINGTON AND PORTER V SHEPHERDS BUSH HOUSING ASSOCIATION
650 24 - SUBJECT ADDED ENTRY--TOPICAL TERM
Topical term or geographic name entry element BRISTOL CITY COUNCIL V HASSAN AND ANOTHER
650 24 - SUBJECT ADDED ENTRY--TOPICAL TERM
Topical term or geographic name entry element MARSHALL V BRADFORD MDC
650 24 - SUBJECT ADDED ENTRY--TOPICAL TERM
Topical term or geographic name entry element BURROWS V BRENT LBC
650 24 - SUBJECT ADDED ENTRY--TOPICAL TERM
Topical term or geographic name entry element LONDON BOROUGH OF GREENWICH V REGAN
650 24 - SUBJECT ADDED ENTRY--TOPICAL TERM
Topical term or geographic name entry element PAYNE V COOPER
650 24 - SUBJECT ADDED ENTRY--TOPICAL TERM
Topical term or geographic name entry element RENT AND MORTGAGE RESTRICTIONS ACT 1923
650 24 - SUBJECT ADDED ENTRY--TOPICAL TERM
Topical term or geographic name entry element SWINDON BC V ASTON
651 #4 - SUBJECT ADDED ENTRY--GEOGRAPHIC NAME
Geographic name England and Wales
Chronological subdivision 1543-
690 ## - LOCAL SUBJECT ADDED ENTRY--TOPICAL TERM (OCLC, RLIN)
Topical term or geographic name as entry element PROPERTY-RESIDENTIAL PROPERTY-RESIDENTIAL LANDLORD AND TENANT
856 40 - ELECTRONIC LOCATION AND ACCESS
Uniform Resource Identifier <a href="https://www.publications.parliament.uk/pa/ld200809/ldjudgmt/jd081210/honey-1.htm">https://www.publications.parliament.uk/pa/ld200809/ldjudgmt/jd081210/honey-1.htm</a>
Public note View the item free of charge online at www.publications.parliament.uk...
942 ## - ADDED ENTRY ELEMENTS (KOHA)
Suppress in OPAC 0
Holdings
Withdrawn status Lost status Source of classification or shelving scheme Damaged status Not for loan Home library Current library Shelving location Date acquired Total Checkouts Full call number Barcode Date last seen Copy number Price effective from Koha item type
    Dewey Decimal Classification     Virtual Virtual Online 12/01/2009   ONLINE PUBLICATION 146352-1001 06/08/2019 1 06/08/2019 Book